| 000 | 01275nam a2200313 a 4500 | ||
|---|---|---|---|
| 001 | BRCA_3402 | ||
| 005 | 20190320204250.0 | ||
| 041 | _aeng | ||
| 044 | _aenk | ||
| 084 |
_a691 _b.S54 _c1921 |
||
| 100 | 1 |
_aCervantes Saavedra, Miguel de _d1547-1616 _9213 |
|
| 245 | 1 | 0 |
_aDon Quixote of the Mancha _cRetold by Judge Parry. |
| 260 |
_aManchester _bSherratt and Hughes _c1921 |
||
| 300 |
_a245 p. _bil. (algunas a color) _c23 cm. |
||
| 500 | _aContenido : Prefacio del traductor. Texto compendiado de la primera parte | ||
| 500 | _aEdición : Illustrated by Walter Crane | ||
| 500 | _aReimpresión de la edición compendiada por Judge Parry, publicada por los mismos editores, en 1900. Tela; lomo y plano adornados con asuntos quijotescos Lúdovik Osterc | ||
| 500 | _aQM1190 | ||
| 546 | _aTexto en : inglés | ||
| 650 | 1 | 4 |
_aNovela española _yÉpoca clásica, 1500-1700 _9215 |
| 650 | 1 | 4 |
_aLiteratura española _yÉpoca clásica, 1500-1700 _9216 |
| 650 | 1 | 4 |
_aNovela española _ySiglo XVII _9217 |
| 650 | 1 | 4 |
_aDon Quijote (Personaje ficticio) _eNovela _9218 |
| 700 | 1 |
_aParry, Judge Needham _d1768-1861 _eEditor _98931 |
|
| 700 | 1 |
_aCrane, Walter _d1845-1915 _eIlustrador _98932 |
|
| 740 | 0 | _aEl Ingenioso Hidalgo Don Quijote de la Mancha | |
| 902 | _aQFM | ||
| 942 |
_2lcc _cB |
||
| 999 |
_c3138 _d3138 |
||